| 000 | 00581nam a22002052 4500 | ||
|---|---|---|---|
| 001 | 0000019995 | ||
| 005 | 20151217154437.0 | ||
| 008 | 110415s xx 000 0 eng d | ||
| 020 | _a9966788077 : | ||
| 040 |
_aKABU _cKABU |
||
| 100 | 1 |
_aKarimi, Leah. _@0000180021 |
|
| 245 | 1 | 0 |
_aGet rich by making the most of your money / _cLeah Karimi. |
| 250 | _a1st ed. | ||
| 260 |
_aNairobi : _bQueenex, _c2008. |
||
| 300 | _a123 p. | ||
| 650 | 0 |
_aFinance, Personal. _@0000152441 |
|
| 852 | 1 | _9p400 KES | |
| 908 | _a110415 | ||
| 950 | _@1 | ||
| 999 |
_c11303 _d11303 |
||